000 00408nam a22001817a 4500
003 MPLRDC
005 20220104144819.0
008 210129b ||||| |||| 00| 0 eng d
082 _a857.7 HDXL v.237
100 _a洛炜著
245 _a暴君劫情
_c
250 _a初版
260 _a
_b狗屋
_c1999
300 _b
490 _a花蝶系列; 237
650 _a
942 _cBK
_o857.7 HDXL v.237
999 _c50986
_d50976